<?xml version="1.0" encoding="UTF-8"?>
<record
    xmlns:xsi="http://www.w3.org/2001/XMLSchema-instance"
    xsi:schemaLocation="http://www.loc.gov/MARC21/slim http://www.loc.gov/standards/marcxml/schema/MARC21slim.xsd"
    xmlns="http://www.loc.gov/MARC21/slim">

  <leader>04252nam a2200337 a 4500</leader>
  <controlfield tag="001">000038125</controlfield>
  <controlfield tag="005">20240306073903.0</controlfield>
  <controlfield tag="008">150130s2001    dr ac         000 0 spa d</controlfield>
  <datafield tag="020" ind1=" " ind2=" ">
    <subfield code="a">8482613383 (v. 1)</subfield>
  </datafield>
  <datafield tag="020" ind1=" " ind2=" ">
    <subfield code="a">8482613472 (v. 2)</subfield>
  </datafield>
  <datafield tag="020" ind1=" " ind2=" ">
    <subfield code="a">8482613421 (v. 3)</subfield>
  </datafield>
  <datafield tag="020" ind1=" " ind2=" ">
    <subfield code="a">8482613448 (v. 4)</subfield>
  </datafield>
  <datafield tag="040" ind1=" " ind2=" ">
    <subfield code="a">DO-SdBNP</subfield>
    <subfield code="b">spa</subfield>
    <subfield code="c">BNPHU</subfield>
  </datafield>
  <datafield tag="082" ind1=" " ind2=" ">
    <subfield code="a">xxxx</subfield>
    <subfield code="b">xxxx</subfield>
  </datafield>
  <datafield tag="245" ind1="1" ind2="0">
    <subfield code="a">Matem&#xE1;ticas :</subfield>
    <subfield code="b">educaci&#xF3;n media /</subfield>
    <subfield code="c">Orelvis F&#xE9;liz...[et al.] ; direcci&#xF3;n editorial Obdulia Garc&#xED;a de Escobar ; ilustraciones Ruddy N&#xFA;&#xF1;ez.</subfield>
  </datafield>
  <datafield tag="260" ind1=" " ind2=" ">
    <subfield code="a">Santo Domingo :</subfield>
    <subfield code="b">Santillana,</subfield>
    <subfield code="c">2001.</subfield>
  </datafield>
  <datafield tag="300" ind1=" " ind2=" ">
    <subfield code="a">4 v. :</subfield>
    <subfield code="b">il., retrs. ;</subfield>
    <subfield code="c">28 cm.</subfield>
  </datafield>
  <datafield tag="490" ind1="1" ind2=" ">
    <subfield code="a">Umbral</subfield>
  </datafield>
  <datafield tag="500" ind1=" " ind2=" ">
    <subfield code="a">educaci&#xF3;n media</subfield>
  </datafield>
  <datafield tag="505" ind1="1" ind2=" ">
    <subfield code="a">v. 1 :</subfield>
    <subfield code="g">1er. curso / 1er. ciclo --</subfield>
    <subfield code="g">unidad 1 --</subfield>
    <subfield code="t">L&#xF3;gica simb&#xF3;lica --</subfield>
    <subfield code="g">unidad 2 --</subfield>
    <subfield code="t">Teor&#xED;a de conjuntos --</subfield>
    <subfield code="g">unidad 3 --</subfield>
    <subfield code="t">Operaciones conjuntistas --</subfield>
    <subfield code="t">proyecto: El crecimiento de las plantas, la humedad y la luz (I) --</subfield>
    <subfield code="g">unidad 4 --</subfield>
    <subfield code="t">Introducci&#xF3;n al &#xE1;lgrebra --</subfield>
    <subfield code="g">unidad 5 --</subfield>
    <subfield code="t">Operaciones algebraicas --</subfield>
    <subfield code="g">unidad 6 --</subfield>
    <subfield code="t">Factorizaci&#xF3;n de polinomios --</subfield>
    <subfield code="g">unidad 7 --</subfield>
    <subfield code="t">Ecuaciones de primer grado --</subfield>
    <subfield code="g">unidad 8 --</subfield>
    <subfield code="t">Inecuaciones --</subfield>
    <subfield code="t">Proyecto: El crecimiento de las plantas, la humedad y la luz (II) --</subfield>
    <subfield code="g">unidad 9 --</subfield>
    <subfield code="t">Intervalos --</subfield>
    <subfield code="g">unidad 10 --</subfield>
    <subfield code="t">Fracciones algebraicas --</subfield>
    <subfield code="t">Proyecto: &#xBF;C&#xF3;mo rebota una bola? (I) --</subfield>
    <subfield code="g">unidad 11 --</subfield>
    <subfield code="t">Los n&#xFA;meros complejos --</subfield>
    <subfield code="g">unidad 12 --</subfield>
    <subfield code="t">Ecuaciones cuadr&#xE1;ticas --</subfield>
    <subfield code="g">unidad 13 --</subfield>
    <subfield code="t">Proporcionalidad y semejanza --</subfield>
    <subfield code="g">unidad 14 --</subfield>
    <subfield code="t">&#xC1;ngulos. Medidas angulares --</subfield>
    <subfield code="g">unidad 15 --</subfield>
    <subfield code="t">Geometr&#xED;a del espacio --</subfield>
    <subfield code="g">unidad 16 --</subfield>
    <subfield code="t">Estad&#xED;stica y probabilidades --</subfield>
    <subfield code="t">Proyecto: &#xBF;C&#xF3;mo rebota una bola? (II) --</subfield>
  </datafield>
  <datafield tag="505" ind1="1" ind2=" ">
    <subfield code="a">v. 2 :</subfield>
    <subfield code="g">2do. curso / 1er. ciclo --</subfield>
    <subfield code="g">unidad 1 --</subfield>
    <subfield code="t">El razonamiento matem&#xE1;tico --</subfield>
    <subfield code="g">unidad 2 --</subfield>
    <subfield code="t">Estructuras algebraicas --</subfield>
    <subfield code="g">unidad 3 --</subfield>
    <subfield code="t">Teor&#xED;a del residuo --</subfield>
    <subfield code="g">unidad 4 --</subfield>
    <subfield code="t">Funciones --</subfield>
    <subfield code="g">unidad 5 --</subfield>
    <subfield code="t">Ecuaciones --</subfield>
    <subfield code="g">unidad 6 --</subfield>
    <subfield code="t">Inecuaciones --</subfield>
    <subfield code="g">unidad 7 --</subfield>
    <subfield code="t">Tri&#xE1;ngulos y cuadril&#xE1;teros --</subfield>
    <subfield code="g">unidad 8 --</subfield>
    <subfield code="t">Pol&#xED;gonos --</subfield>
    <subfield code="g">unidad 9 --</subfield>
    <subfield code="t">Introducci&#xF3;n a la trigonometr&#xED;a --</subfield>
    <subfield code="g">unidad 10 --</subfield>
    <subfield code="t">Funciones inversas --</subfield>
    <subfield code="g">unidad 11 --</subfield>
    <subfield code="t">Resoluci&#xF3;n de tri&#xE1;ngulos --</subfield>
    <subfield code="g">unidad 12 --</subfield>
    <subfield code="t">Ecuaciones trigonom&#xE9;tricas --</subfield>
    <subfield code="g">unidad 13 --</subfield>
    <subfield code="t">&#xC1;lgebra vectorial --</subfield>
    <subfield code="g">unidad 14 --</subfield>
    <subfield code="t">Transformaciones geom&#xE9;tricas --</subfield>
    <subfield code="g">unidad 15 --</subfield>
    <subfield code="t">Sucesiones y progresiones --</subfield>
    <subfield code="g">unidad 16 --</subfield>
    <subfield code="t">Estad&#xED;stica y probabilidades --</subfield>
  </datafield>
  <datafield tag="505" ind1="1" ind2=" ">
    <subfield code="a">v. 3 :</subfield>
    <subfield code="g">1er. curso / 2do. ciclo --</subfield>
    <subfield code="g">unidad 1 --</subfield>
    <subfield code="t">|Sistemas de ecuaciones --</subfield>
    <subfield code="g">unidad 2 --</subfield>
    <subfield code="t">Sistemas de inecuaciones --</subfield>
    <subfield code="g">unidad 3 --</subfield>
    <subfield code="t">Vectores --</subfield>
    <subfield code="g">unidad 4 --</subfield>
    <subfield code="t">Matrices y determinantes --</subfield>
    <subfield code="t">Proyecto: &#xBF;C&#xF3;mo son tus h&#xE1;bitos de consumo? (I) --</subfield>
    <subfield code="g">unidad 5 --</subfield>
    <subfield code="t">La recta en el plano --</subfield>
    <subfield code="g">unidad 6 --</subfield>
    <subfield code="t">Funciones --</subfield>
    <subfield code="g">unidad 7 --</subfield>
    <subfield code="t">Las c&#xF3;nicas --</subfield>
    <subfield code="t">Proyecto: &#xBF;C&#xF3;mo son tus h&#xE1;bitos de consumo? (II) --</subfield>
    <subfield code="g">unidad 8 --</subfield>
    <subfield code="t">La circunferencia --</subfield>
    <subfield code="g">unidad 9 --</subfield>
    <subfield code="t">&#xC1;rea de figuras planas --</subfield>
    <subfield code="g">unidad 10 --</subfield>
    <subfield code="t">La funci&#xF3;n exponencial --</subfield>
    <subfield code="g">unidad 11 --</subfield>
    <subfield code="t">La funci&#xF3;n logar&#xED;tmica --</subfield>
    <subfield code="t">Proyecto: &#xBF;C&#xF3;mo crece la poblaci&#xF3;n mundial? (I) --</subfield>
    <subfield code="g">unidad 12 --</subfield>
    <subfield code="t">Ecuaciones exponenciales y logar&#xED;tmicas --</subfield>
    <subfield code="g">unidad 13 --</subfield>
    <subfield code="t">Las funciones trigonom&#xE9;tricas --</subfield>
    <subfield code="g">unidad 14 --</subfield>
    <subfield code="t">S&#xF3;lidos geom&#xE9;tricos --</subfield>
    <subfield code="t">Proyecto: &#xBF;C&#xF3;mo crece la poblaci&#xF3;n mundia? (II) --</subfield>
  </datafield>
  <datafield tag="505" ind1="1" ind2=" ">
    <subfield code="a">v. 4 :</subfield>
    <subfield code="g">2do. curso / 2do. ciclo --</subfield>
    <subfield code="g">unidad 1 --</subfield>
    <subfield code="t">Trasformaciones geom&#xE9;tricas --</subfield>
    <subfield code="g">unidad 2 --</subfield>
    <subfield code="t">Trigonometr&#xED;a --</subfield>
    <subfield code="g">unidad 3 --</subfield>
    <subfield code="t">N&#xFA;meros complejos --</subfield>
    <subfield code="g">unidad 4 --</subfield>
    <subfield code="t">An&#xE1;lisis combinatorio --</subfield>
    <subfield code="t">proyecto: Los cuadrados m&#xE1;gicos (I) --</subfield>
    <subfield code="g">unidad 5 --</subfield>
    <subfield code="t">Suceciones --</subfield>
    <subfield code="g">unidad 6 --</subfield>
    <subfield code="t">Convergencia y divergencia --</subfield>
    <subfield code="g">unidad 7 --</subfield>
    <subfield code="t">Matem&#xE1;ticas financieras, I --</subfield>
    <subfield code="g">unidad 8 --</subfield>
    <subfield code="t">Matem&#xE1;ticas financieras, II --</subfield>
    <subfield code="t">proyecto: Los cuadrados m&#xE1;gicos (II) --</subfield>
    <subfield code="g">unidad 9 --</subfield>
    <subfield code="t">Probabilidades --</subfield>
    <subfield code="g">unidad 10 --</subfield>
    <subfield code="t">L&#xED;mite de una funci&#xF3;n --</subfield>
    <subfield code="g">unidad 11 --</subfield>
    <subfield code="t">Continuidad y discontinuidad --</subfield>
    <subfield code="t">Proyecto: Modelo de taladro para hacer agujeros cuadrados (I) --</subfield>
    <subfield code="g">unidad 12 --</subfield>
    <subfield code="t">Derivada de funciones --</subfield>
    <subfield code="g">unidad 13 --</subfield>
    <subfield code="t">Aplicaciones de la derivada --</subfield>
    <subfield code="g">unidad 14 --</subfield>
    <subfield code="t">Introducci&#xF3;n al c&#xE1;lculo integral --</subfield>
    <subfield code="t">Proyecto: Modelo de taladro para hacer agujeros cuadrados (II) --</subfield>
  </datafield>
  <datafield tag="700" ind1="1" ind2=" ">
    <subfield code="a">F&#xE9;liz, Orelvis</subfield>
    <subfield code="9">29549</subfield>
  </datafield>
  <datafield tag="700" ind1="1" ind2=" ">
    <subfield code="a">Toribio, C&#xE9;sar</subfield>
    <subfield code="9">29551</subfield>
  </datafield>
  <datafield tag="700" ind1="1" ind2=" ">
    <subfield code="a">Cueto, Ram&#xF3;n</subfield>
    <subfield code="9">29552</subfield>
  </datafield>
  <datafield tag="700" ind1="1" ind2=" ">
    <subfield code="a">N&#xFA;&#xF1;ez, Ruddy</subfield>
    <subfield code="e">il.</subfield>
    <subfield code="9">23171</subfield>
  </datafield>
  <datafield tag="700" ind1="1" ind2=" ">
    <subfield code="a">Laurens, Ram&#xF3;n</subfield>
    <subfield code="9">29550</subfield>
  </datafield>
  <datafield tag="700" ind1="1" ind2=" ">
    <subfield code="a">Garc&#xED;a Escobar, Obdulia de</subfield>
    <subfield code="e">dir. ed.</subfield>
    <subfield code="9">29220</subfield>
  </datafield>
  <datafield tag="830" ind1=" " ind2="0">
    <subfield code="a">Umbral</subfield>
    <subfield code="9">29222</subfield>
  </datafield>
  <datafield tag="952" ind1=" " ind2=" ">
    <subfield code="0">0</subfield>
    <subfield code="1">0</subfield>
    <subfield code="5">4</subfield>
    <subfield code="7">0</subfield>
    <subfield code="8">PD</subfield>
    <subfield code="a">PD</subfield>
    <subfield code="b">PD</subfield>
    <subfield code="c">CT</subfield>
    <subfield code="d">2013-03-14</subfield>
    <subfield code="i">LF1</subfield>
    <subfield code="l">0</subfield>
    <subfield code="o">xxxx xxxx</subfield>
    <subfield code="p">38125-10</subfield>
    <subfield code="r">2020-06-25</subfield>
    <subfield code="w">2020-06-25</subfield>
    <subfield code="y">LFPD</subfield>
    <subfield code="Z">Pr&#xE9;stamo en sala</subfield>
  </datafield>
  <datafield tag="952" ind1=" " ind2=" ">
    <subfield code="0">0</subfield>
    <subfield code="1">0</subfield>
    <subfield code="5">4</subfield>
    <subfield code="7">-1</subfield>
    <subfield code="8">PD</subfield>
    <subfield code="a">PD</subfield>
    <subfield code="b">PD</subfield>
    <subfield code="c">OI</subfield>
    <subfield code="d">2013-04-16</subfield>
    <subfield code="i">LF1</subfield>
    <subfield code="l">0</subfield>
    <subfield code="o">xxxx xxxx</subfield>
    <subfield code="p">38125-20</subfield>
    <subfield code="r">2020-06-25</subfield>
    <subfield code="w">2020-06-25</subfield>
    <subfield code="y">LFPD</subfield>
    <subfield code="Z">Pr&#xE9;stamo en sala</subfield>
  </datafield>
  <datafield tag="952" ind1=" " ind2=" ">
    <subfield code="0">0</subfield>
    <subfield code="1">0</subfield>
    <subfield code="5">4</subfield>
    <subfield code="7">-1</subfield>
    <subfield code="8">PD</subfield>
    <subfield code="a">PD</subfield>
    <subfield code="b">PD</subfield>
    <subfield code="c">OI</subfield>
    <subfield code="d">2013-06-10</subfield>
    <subfield code="i">LF1</subfield>
    <subfield code="l">0</subfield>
    <subfield code="o">xxxx xxxx</subfield>
    <subfield code="p">38125-30</subfield>
    <subfield code="r">2020-06-25</subfield>
    <subfield code="w">2020-06-25</subfield>
    <subfield code="y">LFPD</subfield>
    <subfield code="Z">Pr&#xE9;stamo en sala</subfield>
  </datafield>
  <datafield tag="952" ind1=" " ind2=" ">
    <subfield code="0">0</subfield>
    <subfield code="1">0</subfield>
    <subfield code="5">4</subfield>
    <subfield code="7">-1</subfield>
    <subfield code="8">PD</subfield>
    <subfield code="a">PD</subfield>
    <subfield code="b">PD</subfield>
    <subfield code="c">OI</subfield>
    <subfield code="d">2013-06-10</subfield>
    <subfield code="i">LF1</subfield>
    <subfield code="l">0</subfield>
    <subfield code="o">xxxx xxxx</subfield>
    <subfield code="p">38125-40</subfield>
    <subfield code="r">2020-06-25</subfield>
    <subfield code="w">2020-06-25</subfield>
    <subfield code="y">LFPD</subfield>
    <subfield code="Z">Pr&#xE9;stamo en sala</subfield>
  </datafield>
  <datafield tag="999" ind1=" " ind2=" ">
    <subfield code="c">37615</subfield>
    <subfield code="d">37615</subfield>
  </datafield>
</record>
